<?xml version="1.0" encoding="UTF-8"?>
<record
    xmlns:xsi="http://www.w3.org/2001/XMLSchema-instance"
    xsi:schemaLocation="http://www.loc.gov/MARC21/slim http://www.loc.gov/standards/marcxml/schema/MARC21slim.xsd"
    xmlns="http://www.loc.gov/MARC21/slim">

  <leader>02227cam a2200337 ia4500</leader>
  <controlfield tag="003">SA-RiAUC</controlfield>
  <controlfield tag="005">20241118082636.0</controlfield>
  <controlfield tag="008">241118s2016    su     g      000r0 ara c</controlfield>
  <datafield tag="020" ind1=" " ind2=" ">
    <subfield code="a">9786030217861</subfield>
  </datafield>
  <datafield tag="024" ind1="0" ind2=" ">
    <subfield code="a">00000000295427</subfield>
  </datafield>
  <datafield tag="040" ind1=" " ind2=" ">
    <subfield code="a">KAC</subfield>
    <subfield code="b">ara</subfield>
    <subfield code="c">SA-RiAUC</subfield>
    <subfield code="e">rda</subfield>
  </datafield>
  <datafield tag="082" ind1="0" ind2="4">
    <subfield code="a">253.1</subfield>
    <subfield code="q">SA-RiAUC</subfield>
  </datafield>
  <datafield tag="090" ind1=" " ind2=" ">
    <subfield code="a">253.1</subfield>
    <subfield code="b">&#x645; &#x631; &#x634;</subfield>
  </datafield>
  <datafield tag="100" ind1="1" ind2=" ">
    <subfield code="a">&#x627;&#x644;&#x645;&#x631;&#x634;&#x62F;&#x60C; &#x639;&#x62B;&#x645;&#x627;&#x646; &#x628;&#x646; &#x625;&#x628;&#x631;&#x627;&#x647;&#x64A;&#x645;&#x60C;</subfield>
    <subfield code="d">1364 &#x647;&#x62C;&#x631;&#x64A;&#x627;-</subfield>
    <subfield code="e">&#x645;&#x624;&#x644;&#x641;</subfield>
  </datafield>
  <datafield tag="245" ind1="1" ind2="2">
    <subfield code="a">&#x627;&#x644;&#x645;&#x642;&#x627;&#x635;&#x62F; &#x645;&#x646; &#x623;&#x62D;&#x643;&#x627;&#x645; &#x627;&#x644;&#x634;&#x627;&#x631;&#x639; &#x648;&#x623;&#x62B;&#x631;&#x647;&#x627; &#x641;&#x64A; &#x627;&#x644;&#x639;&#x642;&#x648;&#x62F; /</subfield>
    <subfield code="c">&#x62A;&#x623;&#x644;&#x64A;&#x641; &#x62F;. &#x639;&#x62B;&#x645;&#x627;&#x646; &#x628;&#x646; &#x625;&#x628;&#x631;&#x627;&#x647;&#x64A;&#x645; &#x628;&#x646; &#x645;&#x631;&#x634;&#x62F; &#x627;&#x644;&#x645;&#x631;&#x634;&#x62F; &#x61B; &#x639;&#x646;&#x64A; &#x628;&#x647; &#x648;&#x639;&#x644;&#x642; &#x639;&#x644;&#x64A;&#x647; &#x62F;. &#x635;&#x627;&#x644;&#x62D; &#x628;&#x646; &#x633;&#x644;&#x64A;&#x645;&#x627;&#x646; &#x628;&#x646; &#x62D;&#x645;&#x62F; &#x627;&#x644;&#x62D;&#x648;&#x64A;&#x633;.</subfield>
  </datafield>
  <datafield tag="250" ind1=" " ind2=" ">
    <subfield code="a">&#x627;&#x644;&#x637;&#x628;&#x639;&#x629; &#x627;&#x644;&#x623;&#x648;&#x644;&#x649;.</subfield>
  </datafield>
  <datafield tag="264" ind1=" " ind2="1">
    <subfield code="a">&#x627;&#x644;&#x633;&#x639;&#x648;&#x62F;&#x64A;&#x629; :</subfield>
    <subfield code="b">&#x627;&#x644;&#x62C;&#x645;&#x639;&#x64A;&#x629; &#x627;&#x644;&#x639;&#x644;&#x645;&#x64A;&#x629; &#x627;&#x644;&#x633;&#x639;&#x648;&#x62F;&#x64A;&#x629; &#x644;&#x639;&#x644;&#x645; &#x627;&#x644;&#x623;&#x635;&#x648;&#x644; &#x648;&#x645;&#x642;&#x627;&#x635;&#x62F; &#x627;&#x644;&#x634;&#x631;&#x64A;&#x639;&#x629;&#x60C;</subfield>
    <subfield code="c">2016</subfield>
  </datafield>
  <datafield tag="300" ind1=" " ind2=" ">
    <subfield code="a">2 &#x645;&#x62C;&#x644;&#x62F; &#x61B;</subfield>
    <subfield code="c">24 &#xD7; 17 &#x633;&#x645;.</subfield>
  </datafield>
  <datafield tag="336" ind1=" " ind2=" ">
    <subfield code="a">&#x646;&#x635;</subfield>
    <subfield code="b">txt</subfield>
    <subfield code="2">rdacontent</subfield>
    <subfield code="3">&#x643;&#x62A;&#x627;&#x628;</subfield>
  </datafield>
  <datafield tag="337" ind1=" " ind2=" ">
    <subfield code="a">&#x628;&#x62F;&#x648;&#x646; &#x648;&#x633;&#x64A;&#x637;</subfield>
    <subfield code="b">n</subfield>
    <subfield code="2">rdamedia</subfield>
  </datafield>
  <datafield tag="338" ind1=" " ind2=" ">
    <subfield code="a">&#x645;&#x62C;&#x644;&#x62F;</subfield>
    <subfield code="b">nc</subfield>
    <subfield code="2">rdacarrier</subfield>
  </datafield>
  <datafield tag="490" ind1="1" ind2=" ">
    <subfield code="a">&#x633;&#x644;&#x633;&#x644;&#x629; &#x625;&#x635;&#x62F;&#x627;&#x631;&#x627;&#x62A; &#x627;&#x644;&#x62C;&#x645;&#x639;&#x64A;&#x629; &#x627;&#x644;&#x639;&#x644;&#x645;&#x64A;&#x629; &#x627;&#x644;&#x633;&#x639;&#x648;&#x62F;&#x64A;&#x629; &#x644;&#x639;&#x644;&#x645; &#x627;&#x644;&#x623;&#x635;&#x648;&#x644; &#x648;&#x645;&#x642;&#x627;&#x635;&#x62F; &#x627;&#x644;&#x634;&#x631;&#x64A;&#x639;&#x629; &#x61B;</subfield>
    <subfield code="v">1</subfield>
  </datafield>
  <datafield tag="500" ind1=" " ind2=" ">
    <subfield code="a">2 &#x645;&#x62C;&#x644;&#x62F;&#x627;&#x62A; &#x628;&#x628;&#x644;&#x64A;&#x648;&#x62C;&#x631;&#x627;&#x641;&#x64A;&#x629; &#x641;&#x64A; 1 &#x645;&#x62C;&#x644;&#x62F; &#x645;&#x627;&#x62F;&#x64A;.</subfield>
  </datafield>
  <datafield tag="505" ind1="0" ind2=" ">
    <subfield code="a">&#x627;&#x644;&#x645;&#x62D;&#x62A;&#x648;&#x64A;&#x627;&#x62A; : &#x627;&#x644;&#x645;&#x62C;&#x644;&#x62F; &#x627;&#x644;&#x623;&#x648;&#x644;-&#x627;&#x644;&#x642;&#x633;&#x645; &#x627;&#x644;&#x623;&#x648;&#x644; : &#x628;&#x64A;&#x627;&#x646; &#x645;&#x642;&#x627;&#x635;&#x62F; &#x627;&#x644;&#x634;&#x627;&#x631;&#x639;&#x60C; &#x627;&#x644;&#x628;&#x627;&#x628; &#x627;&#x644;&#x623;&#x648;&#x644; : &#x628;&#x64A;&#x627;&#x646; &#x627;&#x644;&#x645;&#x642;&#x627;&#x635;&#x62F; &#x627;&#x644;&#x639;&#x627;&#x645;&#x644;&#x629; &#x644;&#x644;&#x634;&#x627;&#x631;&#x639; &#x645;&#x646; &#x62A;&#x634;&#x631;&#x64A;&#x639; &#x627;&#x644;&#x623;&#x62D;&#x643;&#x627;&#x645;&#x60C; &#x627;&#x644;&#x628;&#x627;&#x628; &#x627;&#x644;&#x62B;&#x627;&#x646;&#x64A; : &#x641;&#x64A; &#x628;&#x64A;&#x627;&#x646; &#x645;&#x642;&#x627;&#x635;&#x62F; &#x627;&#x644;&#x634;&#x627;&#x631;&#x639; &#x627;&#x644;&#x62E;&#x627;&#x635;&#x629; &#x628;&#x627;&#x644;&#x639;&#x642;&#x648;&#x62F;-&#x627;&#x644;&#x645;&#x62C;&#x644;&#x62F; &#x627;&#x644;&#x62B;&#x627;&#x646;&#x64A;-&#x627;&#x644;&#x642;&#x633;&#x645; &#x627;&#x644;&#x62B;&#x627;&#x646;&#x64A; : &#x641;&#x64A; &#x628;&#x64A;&#x627;&#x646; &#x627;&#x644;&#x639;&#x644;&#x627;&#x642;&#x629; &#x628;&#x64A;&#x646; &#x639;&#x645;&#x644; &#x627;&#x644;&#x645;&#x643;&#x644;&#x641; &#x648;&#x645;&#x642;&#x627;&#x635;&#x62F; &#x627;&#x644;&#x634;&#x627;&#x631;&#x639;&#x60C; &#x627;&#x644;&#x628;&#x627;&#x628; &#x627;&#x644;&#x623;&#x648;&#x644; &#x628;&#x64A;&#x627;&#x646; &#x623;&#x646; &#x627;&#x644;&#x639;&#x645;&#x644; &#x625;&#x646;&#x645;&#x627; &#x64A;&#x643;&#x648;&#x646; &#x645;&#x634;&#x631;&#x648;&#x639;&#x627; &#x625;&#x630;&#x627; &#x648;&#x627;&#x641;&#x642; &#x645;&#x642;&#x627;&#x635;&#x62F; &#x627;&#x644;&#x634;&#x627;&#x631;&#x639; &#x642;&#x635;&#x62F;&#x627; &#x648;&#x645;&#x627;&#x644;&#x627; ... &#x648;&#x645;&#x648;&#x636;&#x648;&#x639;&#x627;&#x62A; &#x623;&#x62E;&#x631;&#x649;.</subfield>
  </datafield>
  <datafield tag="650" ind1=" " ind2="7">
    <subfield code="a">&#x627;&#x644;&#x645;&#x639;&#x627;&#x645;&#x644;&#x627;&#x62A; (&#x641;&#x642;&#x647; &#x625;&#x633;&#x644;&#x627;&#x645;&#x64A;)</subfield>
    <subfield code="2">aucsh</subfield>
  </datafield>
  <datafield tag="650" ind1=" " ind2="7">
    <subfield code="a">&#x627;&#x644;&#x639;&#x642;&#x648;&#x62F; (&#x641;&#x642;&#x647; &#x625;&#x633;&#x644;&#x627;&#x645;&#x64A;)</subfield>
    <subfield code="2">aucsh</subfield>
  </datafield>
  <datafield tag="650" ind1=" " ind2="7">
    <subfield code="a">&#x645;&#x642;&#x627;&#x635;&#x62F; &#x627;&#x644;&#x634;&#x631;&#x64A;&#x639;&#x629;</subfield>
    <subfield code="2">aucsh</subfield>
  </datafield>
  <datafield tag="700" ind1="1" ind2=" ">
    <subfield code="a">&#x627;&#x644;&#x62D;&#x648;&#x64A;&#x633;&#x60C; &#x635;&#x627;&#x644;&#x62D; &#x628;&#x646; &#x633;&#x644;&#x64A;&#x645;&#x627;&#x646; &#x628;&#x646; &#x62D;&#x645;&#x62F;&#x60C;</subfield>
    <subfield code="d">1965-</subfield>
    <subfield code="e">&#x645;&#x631;&#x627;&#x62C;&#x639;.</subfield>
  </datafield>
  <datafield tag="942" ind1=" " ind2=" ">
    <subfield code="2">ddc</subfield>
    <subfield code="c">BOOK</subfield>
  </datafield>
  <datafield tag="949" ind1=" " ind2=" ">
    <subfield code="a">SA-JeALM</subfield>
    <subfield code="d">241118</subfield>
    <subfield code="u">khaled123</subfield>
    <subfield code="n">1</subfield>
  </datafield>
  <datafield tag="952" ind1=" " ind2=" ">
    <subfield code="0">0</subfield>
    <subfield code="1">0</subfield>
    <subfield code="2">ddc</subfield>
    <subfield code="3">&#x627;&#x644;&#x645;&#x62C;&#x644;&#x62F; &#x627;&#x644;&#x627;&#x648;&#x644; </subfield>
    <subfield code="4">0</subfield>
    <subfield code="7">0</subfield>
    <subfield code="a">WAHAB</subfield>
    <subfield code="b">WAHAB</subfield>
    <subfield code="d">2024-11-18</subfield>
    <subfield code="l">0</subfield>
    <subfield code="o">253.1 &#x645; &#x631; &#x634;</subfield>
    <subfield code="p">000003846</subfield>
    <subfield code="r">2024-11-18 08:27:38</subfield>
    <subfield code="w">2024-11-18</subfield>
    <subfield code="y">BOOK</subfield>
  </datafield>
  <datafield tag="952" ind1=" " ind2=" ">
    <subfield code="0">0</subfield>
    <subfield code="1">0</subfield>
    <subfield code="2">ddc</subfield>
    <subfield code="3">&#x627;&#x644;&#x645;&#x62C;&#x644;&#x62F; &#x627;&#x644;&#x62B;&#x627;&#x646;&#x64A; </subfield>
    <subfield code="4">0</subfield>
    <subfield code="7">0</subfield>
    <subfield code="a">WAHAB</subfield>
    <subfield code="b">WAHAB</subfield>
    <subfield code="d">2024-11-18</subfield>
    <subfield code="l">0</subfield>
    <subfield code="o">253.1 &#x645; &#x631; &#x634;</subfield>
    <subfield code="p">000003847</subfield>
    <subfield code="r">2024-11-18 08:27:38</subfield>
    <subfield code="w">2024-11-18</subfield>
    <subfield code="y">BOOK</subfield>
  </datafield>
  <datafield tag="952" ind1=" " ind2=" ">
    <subfield code="0">0</subfield>
    <subfield code="1">0</subfield>
    <subfield code="2">ddc</subfield>
    <subfield code="3">&#x627;&#x644;&#x645;&#x62C;&#x644;&#x62F; &#x627;&#x644;&#x627;&#x648;&#x644; </subfield>
    <subfield code="4">0</subfield>
    <subfield code="7">0</subfield>
    <subfield code="a">WAHAB</subfield>
    <subfield code="b">WAHAB</subfield>
    <subfield code="d">2025-02-12</subfield>
    <subfield code="l">0</subfield>
    <subfield code="o">253.1 &#x645; &#x631; &#x634;</subfield>
    <subfield code="p">000009692</subfield>
    <subfield code="r">2025-02-12 08:44:25</subfield>
    <subfield code="w">2025-02-12</subfield>
    <subfield code="y">BOOK</subfield>
  </datafield>
  <datafield tag="952" ind1=" " ind2=" ">
    <subfield code="0">0</subfield>
    <subfield code="1">0</subfield>
    <subfield code="2">ddc</subfield>
    <subfield code="3">&#x627;&#x644;&#x645;&#x62C;&#x644;&#x62F; &#x627;&#x644;&#x62B;&#x627;&#x646;&#x64A; </subfield>
    <subfield code="4">0</subfield>
    <subfield code="7">0</subfield>
    <subfield code="a">WAHAB</subfield>
    <subfield code="b">WAHAB</subfield>
    <subfield code="d">2025-02-12</subfield>
    <subfield code="l">0</subfield>
    <subfield code="o">253.1 &#x645; &#x631; &#x634;</subfield>
    <subfield code="p">000009693</subfield>
    <subfield code="r">2025-02-12 08:44:25</subfield>
    <subfield code="w">2025-02-12</subfield>
    <subfield code="y">BOOK</subfield>
  </datafield>
  <datafield tag="952" ind1=" " ind2=" ">
    <subfield code="0">0</subfield>
    <subfield code="1">0</subfield>
    <subfield code="2">ddc</subfield>
    <subfield code="3">&#x627;&#x644;&#x645;&#x62C;&#x644;&#x62F; &#x627;&#x644;&#x627;&#x648;&#x644; </subfield>
    <subfield code="4">0</subfield>
    <subfield code="7">0</subfield>
    <subfield code="a">WAHAB</subfield>
    <subfield code="b">WAHAB</subfield>
    <subfield code="d">2025-04-07</subfield>
    <subfield code="l">0</subfield>
    <subfield code="o">253.1 &#x645; &#x631; &#x634;</subfield>
    <subfield code="p">000011451</subfield>
    <subfield code="r">2025-04-07 05:20:04</subfield>
    <subfield code="w">2025-04-07</subfield>
    <subfield code="y">BOOK</subfield>
  </datafield>
  <datafield tag="952" ind1=" " ind2=" ">
    <subfield code="0">0</subfield>
    <subfield code="1">0</subfield>
    <subfield code="2">ddc</subfield>
    <subfield code="3">&#x627;&#x644;&#x645;&#x62C;&#x644;&#x62F; &#x627;&#x644;&#x62B;&#x627;&#x646;&#x64A; </subfield>
    <subfield code="4">0</subfield>
    <subfield code="7">0</subfield>
    <subfield code="a">WAHAB</subfield>
    <subfield code="b">WAHAB</subfield>
    <subfield code="d">2025-04-07</subfield>
    <subfield code="l">0</subfield>
    <subfield code="o">253.1 &#x645; &#x631; &#x634;</subfield>
    <subfield code="p">000011452</subfield>
    <subfield code="r">2025-04-07 05:20:04</subfield>
    <subfield code="w">2025-04-07</subfield>
    <subfield code="y">BOOK</subfield>
  </datafield>
  <datafield tag="999" ind1=" " ind2=" ">
    <subfield code="c">2456</subfield>
    <subfield code="d">2456</subfield>
  </datafield>
</record>
